Statistics for Popular Spanish Phrases Quiz

Click here to take the quiz!

General Stats

  • This quiz has been taken 12,215 times
    (12,212 since last reset)
  • The average score is 12 of 20

Answer Stats

Español English % Correct
¿Dónde está el baño?Where is the bathroom?
95%
Quiero una cervezaI want a beer
80%
Me encantan los Backstreet Boys I love the Backstreet Boys
80%
Estoy ocupadoI'm busy
78%
Verde es mi color favorito Green is my favorite color
75%
¿De dónde eres?Where are you from?
75%
La cuenta, por favorCheck please
69%
Necesito ir al aeropuerto I need to go to the airport
65%
Tengo una reserva I have a reservation
64%
Me duele la cabezaMy head hurts
56%
Estoy hablando contigoI am speaking with you
55%
¿Quién es el jefe?Who's the boss?
52%
Llámame esta noche Call me tonight
52%
Tengo miedoI'm scared
49%
El autobús está lleno de niños The bus is full of children
45%
Tengo que cambiar dinero I need to exchange money
40%
No es justo It's not fair
38%
Tu mamá está esperando Your mom is waiting
35%
Mi vuelo sale en una hora My flight leaves in 1 hour
34%
Los tacos de pescado son ricosThe fish tacos are delicious
32%

Score Distribution

Percentile by Number Answered

Percent of People with Each Score

Your Score History

You have not taken this quiz since the last reset